US States Quiz - Random - Statistics

General Stats
  • This quiz has been taken 28 times
  • The average score is 45 of 50
Answers on the Map
Answers color-coded by a green-red scale on the quiz's map according to % correct below.
 
Answer Stats
State % Correct
Hawái
100%
Virginia
100%
Alaska
95%
California
95%
Carolina del Norte
95%
Carolina del Sur
95%
Dakota del Norte
95%
Dakota del Sur
95%
Georgia
95%
Kentucky
95%
Maryland
95%
Montana
95%
Nevada
95%
Nueva York
95%
Texas
95%
Utah
95%
Washington
95%
Alabama
90%
Arizona
90%
Colorado
90%
Delaware
90%
Florida
90%
Illinois
90%
Kansas
90%
Maine
90%
Míchigan
90%
Nueva Jersey
90%
Nuevo México
90%
Oklahoma
90%
Oregón
90%
Pensilvania
90%
Vermont
90%
Virginia Occidental
90%
Wisconsin
90%
Wyoming
90%
Arkansas
86%
Connecticut
86%
Idaho
86%
Luisiana
86%
Massachusetts
86%
Minnesota
86%
Misisipi
86%
Misuri
86%
Nuevo Hampshire
86%
Ohio
86%
Rhode Island
86%
Tennessee
86%
Indiana
81%
Iowa
81%
Nebraska
81%
No matching quizzes found
Score Distribution
Percent of People with Each Score
Percentile by Number Answered
Your Score History
You have not taken this quiz